A practical treatise on cholera : (Record no. 68574)

MARC details
000 -LEADER
campo de control de longitud fija 00972nam a22002655i 4500
001 - NÚMERO DE CONTROL
campo de control 68574
003 - IDENTIFICADOR DE NÚMERO DE CONTROL
campo de control ES-MaACL
005 - FECHA Y HORA DE LA ÚLTIMA TRANSACCIÓN
campo de control 20250901032925.0
007 - CAMPO FIJO DE DESCRIPCIÓN FÍSICA--INFORMACIÓN GENERAL
campo de control de longitud fija t|
008 - DATOS DE LONGITUD FIJA--INFORMACIÓN GENERAL
campo de control de longitud fija 960809e1832 xxk ||||1| eng d
040 ## - FUENTE DE CATALOGACIÓN
Centro catalogador/agencia de origen CAM
Lengua de catalogación spa
Centro/agencia transcriptor CAM
080 ## - NÚMERO DE LA CLASIFICACIÓN DECIMAL UNIVERSAL
Número de la Clasificación Decimal Universal 616.932
100 1# - ENTRADA PRINCIPAL--NOMBRE DE PERSONA
Nombre de persona Gaselee, Charles
Término indicativo de función/relación Autor
9 (RLIN) 55871
245 12 - MENCIÓN DEL TÍTULO
Título A practical treatise on cholera :
Resto del título as it has appeared in various parts of the metropolis /
Mención de responsabilidad, etc. by Charles Gaselee and Alexander Tweedie.
260 ## - PUBLICACIÓN, DISTRIBUCIÓN, ETC.
Lugar de publicación, distribución, etc. London :
Nombre del editor, distribuidor, etc. Smith, Elder and Co.,
Fecha de publicación, distribución, etc. 1832
Fabricante (Stewart and Co.)
300 ## - DESCRIPCIÓN FÍSICA
Extensión [4], 79 páginas ;
Dimensiones 23 cm.
530 ## - NOTA DISPONIBLE DE FORMULARIO FÍSICO ADICIONAL
Nota de formato físico adicional disponible Disponible en formato digital
650 #7 - PUNTO DE ACCESO ADICIONAL DE MATERIA--TÉRMINO DE MATERIA
Término de materia o nombre geográfico como elemento de entrada Cólera
Fuente del encabezamiento o término embne
9 (RLIN) 11143
700 1# - ENTRADA AGREGADA--NOMBRE PERSONAL
Nombre de persona Tweedie, Alexander,
Fechas asociadas al nombre 1794-1884
Término indicativo de función/relación Autor
9 (RLIN) 111793
852 ## - LOCALIZACIÓN
Ubicación ES-MaACL
Ubicación en estantería Depósito folletos
Número de control de estantería T-493-F-2
856 ## - LOCALIZACIÓN Y ACCESO ELECTRÓNICOS
Identificador Uniforme de Recursos <a href="https://archive.org/details/b31891299/page/n1/mode/2up">https://archive.org/details/b31891299/page/n1/mode/2up</a>
Texto de enlace Versión en línea
Nota pública (Internet Archive)
942 ## - ELEMENTOS DE ENTRADA SECUNDARIOS (KOHA)
Fuente del sistema de clasificación o colocación Clasificación decimal universal
Tipo de ítem Koha Folleto
Suprimir en OPAC No
Holdings
Estatus retirado Estado de pérdida Estado de daño No para préstamo Colección Biblioteca de origen Biblioteca actual Ubicación en estantería Fecha de adquisición Fuente de adquisición Total de préstamos Signatura topográfica completa Código de barras Visto por última vez Precio de reemplazo Tipo de ítem Koha
        Colección de folletos Biblioteca del Ateneo de Madrid Biblioteca del Ateneo de Madrid Depósito folletos 17/01/2008     T-493-F-2 1071789 23/02/2023 23/02/2023 Folleto